000 00434nam a2200133Ia 4500
008 160809s9999 xx 000 0 und d
100 _aShuting, Sun.
245 _aOBIA on Coastal Landform Based on Structure Tensor
245 _cSun Shuting, Liu Jianqiang and Zou Bin.
260 _bComputer Science and Information Technology
260 _cJuly 2016
650 _xINFORMATION TECHNOLOGY
856 _uhttp://airccse.org/V6N56.html
999 _c300142
_d300142